<?xml version="1.0" encoding="UTF-8"?><?xml-stylesheet type="text/xsl" href="static/style.xsl"?><OAI-PMH xmlns="http://www.openarchives.org/OAI/2.0/" xmlns:xsi="http://www.w3.org/2001/XMLSchema-instance" xsi:schemaLocation="http://www.openarchives.org/OAI/2.0/ http://www.openarchives.org/OAI/2.0/OAI-PMH.xsd"><responseDate>2026-04-14T14:50:16Z</responseDate><request verb="GetRecord" identifier="oai:uvadoc.uva.es:10324/32461" metadataPrefix="marc">https://uvadoc.uva.es/oai/request</request><GetRecord><record><header><identifier>oai:uvadoc.uva.es:10324/32461</identifier><datestamp>2021-06-29T22:24:47Z</datestamp><setSpec>com_10324_38</setSpec><setSpec>col_10324_852</setSpec></header><metadata><record xmlns="http://www.loc.gov/MARC21/slim" xmlns:doc="http://www.lyncode.com/xoai" xmlns:xsi="http://www.w3.org/2001/XMLSchema-instance" xmlns:dcterms="http://purl.org/dc/terms/" xsi:schemaLocation="http://www.loc.gov/MARC21/slim http://www.loc.gov/standards/marcxml/schema/MARC21slim.xsd">
<leader>00925njm 22002777a 4500</leader>
<datafield tag="042" ind1=" " ind2=" ">
<subfield code="a">dc</subfield>
</datafield>
<datafield tag="720" ind1=" " ind2=" ">
<subfield code="a">Pelayo López, Javier</subfield>
<subfield code="e">author</subfield>
</datafield>
<datafield tag="260" ind1=" " ind2=" ">
<subfield code="c">2018</subfield>
</datafield>
<datafield tag="520" ind1=" " ind2=" ">
<subfield code="a">Este trabajo ha consistido en una investigación cualitativa, en la que muestra cómo es mi comportamiento no verbal como profesor, partiendo de una situación inicial basada en mi autoconocimiento y en la que posteriormente se analiza mi progreso. Durante esta investigación he empleado el estudio de caso utilizando varios instrumentos que me han permitido llevarla a cabo y que son detallados en el apartado de metodología. Para ello, me ha basado en una fundamentación teórica en la que se analiza la comunicación no verbal y en la que se hace referencia a la importancia que tienen las habilidades no verbales por parte del docente para la comunicación en el aula y para establecer la relación con los estudiantes, siendo fundamental en los procesos de enseñanza aprendizaje.</subfield>
</datafield>
<datafield tag="024" ind2=" " ind1="8">
<subfield code="a">http://uvadoc.uva.es/handle/10324/32461</subfield>
</datafield>
<datafield tag="245" ind1="0" ind2="0">
<subfield code="a">Mi comunicación no verbal como docente</subfield>
</datafield>
</record></metadata></record></GetRecord></OAI-PMH>